000 01099nac a22003497a 4500
001 BR9901994
003 BR-BrBNA
005 20240105122212.0
008 230509b bl.|||m| |||| 00| 0 por d
040 _aBR-BrBNA
_bpor
_cBiblioteca Nacional de Agricultura
072 _aL02
090 _a5300 BR9901994
100 1 _aMores, N.
100 1 _aSobestiansky, J.
100 1 _aCosta, O.A.D.
100 1 _aBarioni Junior, W.
100 1 _aPaiva, D.P. de
100 1 _aLima, G.J.M.M. de
100 1 _aPerdomo, C.C.
100 1 _aAmaral, A.L. do
100 1 _aCoimbra, J.B.S.
110 1 _aCentro Nacional de Pesquisa de Suinos e Aves, Concordia, SC (Brasil)
245 1 _aFatores de risco associados aos problemas dos leitoes no periodo pos-desmame
260 3 _aConcordia, SC (Brasil):
_c1998.
300 _a12 p.
490 _aComunicado Tecnico - Centro Nacional de Pesquisa de Suinos e Aves (Brazil)
_vno. 226
_xISSN 0100-8862
500 _a10 tables
650 _aLeitao
650 _aDesmama
909 _a202312
_bLúcia Elande
_c55
_dLúcia Elande
942 _2AGRIS
_n0
_cMS
999 _c289773
_d289773